Štruktúrované produkty a zmiešané fondy ako dôsledok zmien na finančnom trhu diplomová práca

Gespeichert in:
Bibliographische Detailangaben
1. Verfasser: Kadlečík, Dušan
Körperschaft: Národohospodárska fakulta EU. Katedra bankovníctva a medzinárodných financií
Weitere Verfasser: Malacká, Viera
Format: Buch
Sprache:Slowakisch
Veröffentlicht: Bratislava 2016
Tags: Tag hinzufügen
Keine Tags, Fügen Sie das erste Tag hinzu!

MARC

LEADER 00000nbm a2200000 4500
001 0217933
005 20161124145717.0
041 0 |a slo 
044 |a SK 
245 1 0 |a Štruktúrované produkty a zmiešané fondy ako dôsledok zmien na finančnom trhu  |b diplomová práca  |c Dušan Kadlečík ; školiteľ: Viera Malacká 
264 1 |a Bratislava  |c 2016 
300 |a 79 s. 
100 1 |a Kadlečík, Dušan 
700 1 |a Malacká, Viera 
710 2 |a Národohospodárska fakulta EU. Katedra bankovníctva a medzinárodných financií